|
|
|
|
| LEADER |
01160nam a2200289 a 4500 |
| 001 |
15057474 |
| 008 |
090817m20011996ctua 001 0deng d |
| 010 |
|
|
|a 2007281356
|
| 020 |
|
|
|a 8125020470
|
| 040 |
|
|
|a UKM
|c UKM
|d DLC
|
| 082 |
0 |
4 |
|a 410.92
|2 22
|
| 100 |
1 |
|
|a Coswell, David.
|
| 245 |
1 |
0 |
|a Chomsky for beginners /
|c David Coswell ; illustrated by Paul Gordon.
|
| 260 |
|
|
|a Danbury, CT;
|a Hyderabad,India :
|b For Beginners;Orient Longman,
|c 2001
|
| 300 |
|
|
|a 153 p. :
|b ill. ;
|c 23 cm.
|
| 500 |
|
|
|a Originally published: New York: Writers and Readers, 1996.
|
| 500 |
|
|
|a "A For Beginners documentary comic book"--P. [4] of cover.
|
| 504 |
|
|
|a Includes index.
|
| 541 |
1 |
|
|e 00014914
|
| 600 |
1 |
0 |
|a Chomsky, Noam
|x Political and social views.
|
| 600 |
1 |
0 |
|a Chomsky, Noam
|x Philosophy.
|
| 600 |
1 |
0 |
|a Chomsky, Noam
|v Interviews.
|
| 650 |
|
0 |
|a Mass media criticism
|z United States.
|
| 650 |
|
0 |
|a Linguistics.
|
| 852 |
4 |
|
|a Ayesha Abed Library
|j General Shelf.
|
| 999 |
|
|
|c 3351
|d 3351
|
| 952 |
|
|
|0 0
|1 0
|2 ddc
|4 0
|6 410_920000000000000_COS_2001
|7 0
|9 3042
|a BRACUL
|b BRACUL
|c GEN
|d 2009-08-31
|g 288.00
|l 6
|m 51
|o 410.92 COS
|p 3010014913
|r 2023-02-26
|s 2023-02-20
|t 1
|v 576.00
|w 2009-08-31
|y BK
|